Ingatlah kepada amanat penderitaan rakjat : (Record no. 61297)

MARC details
000 -LEADER
fixed length control field 00645cam a22002171 4500
001 - CONTROL NUMBER
control field sa 64009183
003 - CONTROL NUMBER IDENTIFIER
control field DLC
005 - DATE AND TIME OF LATEST TRANSACTION
control field 20260227112059.0
008 - FIXED-LENGTH DATA ELEMENTS--GENERAL INFORMATION
fixed length control field 850416s1961 io f000 0 ind
010 ## - LIBRARY OF CONGRESS CONTROL NUMBER
LC control number sa 64009183
035 ## - SYSTEM CONTROL NUMBER
System control number (OCoLC)11927008
040 ## - CATALOGING SOURCE
Original cataloging agency DLC
Transcribing agency IDeKN
Modifying agency DLC
042 ## - AUTHENTICATION CODE
Authentication code premarc
043 ## - GEOGRAPHIC AREA CODE
Geographic area code a-io---
050 00 - LIBRARY OF CONGRESS CALL NUMBER
Classification number DS644
Item number .2 1961.S93
100 0# - MAIN ENTRY--PERSONAL NAME
Personal name Soekarno,
Dates associated with a name 1901-1970.
245 10 - TITLE STATEMENT
Title Ingatlah kepada amanat penderitaan rakjat :
Remainder of title wedjangan pada rapat raksasa di Medan tanggal 30 Djuli 1961.
260 ## - PUBLICATION, DISTRIBUTION, ETC.
Place of publication, distribution, etc. Djakarta :
Name of publisher, distributor, etc. Departemen Penerangan,
Date of publication, distribution, etc. 1961.
300 ## - PHYSICAL DESCRIPTION
Extent 20 p. ;
Dimensions 23 cm.
440 #0 - SERIES STATEMENT/ADDED ENTRY--TITLE
Title Penerbitan chusus ;
Volume/sequential designation 117

No items available.

Powered by Koha